Statistics for Countries Named After Cities

Click here to take the quiz!

General Stats

  • This quiz has been taken 966 times
    (29 since last reset)
  • The average score is 7 of 14

Answer Stats

HintAnswer% Correct
Amerigo Vespucci named this country after VeniceVenezuela
81%
Named after the capital city of one of it's founding cantonsSwitzerland
77%
Named after the capital city located on the mediterranean seaTunisia
73%
Name for "little village" in Algonquin, which refers to the village of StadocanaCanada
58%
Country named like it's bordering neighbour, with the additive of it's capitalGuinea Bissau
58%
Named after it's capital, which is named after a spanish saintDominican Republic
54%
Named after the city where the Alhambra is locatedGrenada
54%
Named after the ancient city of AssurSyria
54%
Named after it's capital where the Ketchaoua Mosque is locatedAlgeria
46%
Named after the capital of SomaliaMadagascar
46%
Named after a harbour city on the river DouroPortugal
42%
Named after the ancient town of CadaraQatar
31%
Named after the "red city", this country's cultural centerMorocco
23%
Named after the capital of the ancient kingdom of MunhumutapaZimbabwe
15%

Score Distribution

Percentile by Number Answered

Percent of People with Each Score

Your Score History

You have not taken this quiz since the last reset